Kép a jótékonysági vásárról

Prehľad účastníkov dobročinného jarmoku, ktorý sa konal v parku kaštiela rodiny Andrášiovcov v Humennom 6. septembra 1908. O.i. prišli: gróf Andrej Hadik-Barkóczy so synom, barónka Gézané Sennyei, grófka Gáborné Lónyai so synom a dcérou, gróf Melichar Lónyai a manželka, gróf Eberhard Lippe a syn Her...

Celý popis

Podrobná bibliografia
Hlavný autor: Banda (Author)
Médium: Článok
Jazyk:Hungarian
Témy:
Zdroj: 1. Felvidéki Hirlap : Közgazdasági, társadalmi és szépirodalmi hetilap 1. Roč. 1, č. 27 (13.09.1908) s. 2 a 3
LEADER 01196nab#a2200313#ar4500
001 000072945
003 SVKKK
005 20030512xxxxxxx.
008 06 c xo huno
FMT
038 |a SVKKK 
040 |a SVKKK  |b slo  |e AACR2 
041 0 |a hun 
044 |a xo  |c SK 
080 |a 394.6 
100 0 |a Banda.  |4 aut 
242 1 0 |a Obrázok o dobročinnom jarmoku 
245 1 0 |a Kép a jótékonysági vásárról  |c Banda. 
500 |a mikrofilm 
520 2 |a Prehľad účastníkov dobročinného jarmoku, ktorý sa konal v parku kaštiela rodiny Andrášiovcov v Humennom 6. septembra 1908. O.i. prišli: gróf Andrej Hadik-Barkóczy so synom, barónka Gézané Sennyei, grófka Gáborné Lónyai so synom a dcérou, gróf Melichar Lónyai a manželka, gróf Eberhard Lippe a syn Herman, barón L. Vécsey a ďaľší. 
650 0 4 |a jarmoky - jarmok dobročinný - účastníci - Humenné - 6.09.1908 - prehľady 
773 0 |t Felvidéki Hirlap : Közgazdasági, társadalmi és szépirodalmi hetilap  |g Roč. 1, č. 27 (13.09.1908) s. 2 a 3 
957 |a Humenné 
958 |a DG 
958 |a SK 
974 |a Ba  |d 20030512 
992 |a RBX 
BAS
998 |a RETRO